| 000 | 01186nam a2200277Ia 4500 | ||
|---|---|---|---|
| 999 |
_c5718 _d5718 |
||
| 003 | OSt | ||
| 005 | 20200320123255.0 | ||
| 008 | 191128s1982 mx d f 001 0 spa d | ||
| 020 | _a9584512643 | ||
| 040 |
_aCO-JMCR _cCO-JMCR |
||
| 041 | 1 |
_aspa _heng |
|
| 082 | 0 | 4 |
_a001.42 / _bH654i |
| 100 | 1 |
_aHillier, Frederick, _eautor _91153 |
|
| 245 | 1 |
_aIntroducción a la investigación de las operaciones / _cFrederick Hillier, Gerarld J. Lieberman ; traductor José H. Pérez Castellanos, Marcia González Osuna |
|
| 250 | _aPrimera edición | ||
| 260 |
_aMéxico : _bMcGraw-hill, _c1982 |
||
| 300 |
_axv, 833 páginas : _b ilustraciones a blanco y negro ; _c 23 cm. |
||
| 505 | _aProgramación matemática -- Modelos probabilistas -- Temas avanzados de programación matemática. | ||
| 546 | _aspa | ||
| 650 | 2 | 4 |
_aInvestigación de operaciones _91154 |
| 650 | 2 | 4 |
_aAnálisis de sistemas _xModelos matemáticos _91155 |
| 700 | 1 |
_aPeréz Castellanos, José H., _etraductor _91156 |
|
| 700 | 1 |
_aGonzález Osuna, Marcia, _etraductora _91157 |
|
| 799 | _aLieberman, Gerarld J., autor ; Pérez Castellanos, José H., traductor ; González Osuna, Marcia, traductor | ||
| 942 |
_2ddc _cBK |
||